Anàlisi i diagnosis dels boscos del Vallès Occidental : febrer de 2008 febrer de 2008
Publicado:
Barcelona :
Diputació de Barcelona. Àrea d'Espais Naturals. Oficina Tècnica de Prevenció Municipal d'Incendis Forestals ,
2008
Descripción Física:
75 p. : il. col. , gràfics, quadres, taules ; 29 cm
MARC
| LEADER | 00000nam a2200000Ia 4500 | ||
|---|---|---|---|
| 001 | 23758 | ||
| 008 | 160829s2008 xx 000 0 cat d | ||
| 080 | |a Bib-32 | ||
| 245 | |a Anàlisi i diagnosis dels boscos del Vallès Occidental : |b febrer de 2008 | ||
| 260 | |a Barcelona : |b Diputació de Barcelona. Àrea d'Espais Naturals. Oficina Tècnica de Prevenció Municipal d'Incendis Forestals, |c 2008 | ||
| 300 | |a 75 p. : |b il. col. , gràfics, quadres, taules ; |c 29 cm | ||
| 650 | 0 | |a Boscos i silvicultura |x Vallès Occidental (Catalunya) |9 49365 | |
| 710 | 1 | |a Vallès Occidental (Catalunya). |b Consell Comarcal |9 53703 | |
| 901 | |a Arxiu | ||
| 942 | |n 1 | ||
| 952 | |0 0 |1 0 |4 0 |6 BIB32 |7 1 |9 55285 |a Arxiu |b Arxiu |d 2016-12-01 |l 0 |o Bib-32 |p 23758 |r 2016-12-01 00:00:00 |w 2016-12-01 |y ARXIU | ||
| 999 | |c 59158 |d 59158 | ||